Manual ó vocabulario de la Lengua Pampa y del estilo familiar para el uso de los jefes y oficiales del Ejército, y de las familias á cuyo cargo están los indígenas. Por Federico Barbará. Teniente Coronel del Ejército Argentino, autor de los Usos y costumbres de los Indios Pampas

Guardado en:
Detalles Bibliográficos
Autor principal: Barbará, Federico (Autor)
Formato: Libro
Lenguaje:español
Publicado: Buenos Aires Imprenta y Librería de Mayo, de C. Casavalle 1879
Edición:1a. ed
Materias:
Etiquetas: Agregar Etiqueta
Sin Etiquetas, Sea el primero en etiquetar este registro!

MARC

LEADER 00000nam a2200000 a 4500
001 UCJ7353
003 CL-VaPUC
008 070124e18790000AG |||||||||||||||||spa|d
082 0 4 |a 498  |b BAR  |2 21 
100 0 |a Barbará, Federico  |e author  |9 515683 
245 1 0 |a Manual ó vocabulario de la Lengua Pampa y del estilo familiar para el uso de los jefes y oficiales del Ejército, y de las familias á cuyo cargo están los indígenas. Por Federico Barbará. Teniente Coronel del Ejército Argentino, autor de los Usos y costumbres de los Indios Pampas 
250 |a 1a. ed 
300 |a 178 p 
942 |c BK 
945 |d 20070124 00:00:00  |a rinostro 
260 |a Buenos Aires  |b Imprenta y Librería de Mayo, de C. Casavalle  |c 1879 
600 0 7 |a ANGELIS, PEDRO DE  |2 CL-VaPUC  |9 509838 
650 7 |a LENGUAS PAMPA  |2 CL-VaPUC  |9 515684 
650 0 |a Etnografía   |9 309735 
650 0 |a Aborígenes  |9 329972 
650 7 |a PAMPAS  |2 CL-VaPUC  |9 514501 
651 0 |a Argentina  |9 254888 
583 |a last modification  |c 20070124 00:00:00  |k Rodrigo Vera 
999 |c 323445  |d 323443 
952 |0 0  |1 0  |4 0  |6 498_000000000000000_BAR_1879  |7 0  |8 X  |9 403025  |a FDOBUD  |b FDOBUD  |d 2019-11-22  |i 1061992  |o 498 BAR 1879  |p 1061992  |r 2019-11-22  |w 2019-11-22  |y BK_X  |k BUD